Formularios, otros impresos, envases (Registro nro. 17320)
[ vista simple ]
| 000 -LEADER | |
|---|---|
| fixed length control field | 00330 a2200109 4500 |
| 001 - CONTROL NUMBER | |
| control field | ART_2351 |
| 005 - DATE AND TIME OF LATEST TRANSACTION | |
| control field | 20260410161725.0 |
| 008 - FIXED-LENGTH DATA ELEMENTS--GENERAL INFORMATION | |
| fixed length control field | 260409a |
| 100 1# - MAIN ENTRY--PERSONAL NAME | |
| Personal name | Raimondi, Carlos A. |
| 245 10 - TITLE STATEMENT | |
| Title | Formularios, otros impresos, envases |
| 773 0# - HOST ITEM ENTRY | |
| Title | Administración de empresas |
| Related parts | - Año 7, Nº 83 (feb. 1977) |
| Record control number | REV2036 |
No hay ítems disponibles.